Κατάλοιπα από το Αρχείο του Νίκου Νικολαΐδη : βιβλία - επιστολές - η διαθήκη του - κατάλογος του αρχείου του

Saved in:
Bibliographic Details
Other Authors: Παπαλεοντίου, Λευτέρης (Editor)
Format: Book
Language:Greek
Published: Λευκωσία : Εν Τύποις, 2003.
Subjects:
Tags: Add Tag
No Tags, Be the first to tag this record!

MARC

LEADER 00000cam a2200000 a 4500
001 1/122689
008 210218s2003####cy | ||| |||| ||gre||
020 |a 9963584829  
040 |a GR-MyUa  |b gre  |c GR-MyUa  |e AACR2 
082 7 |a 889.92   |2 (23) 
245 0 0 |a Κατάλοιπα από το Αρχείο του Νίκου Νικολαΐδη :   |b βιβλία - επιστολές - η διαθήκη του - κατάλογος του αρχείου του /   |c έρευνα-επιμέλεια : Λευτέρης Παπαλεοντίου.  
260 |a Λευκωσία :   |b Εν Τύποις,   |c 2003.  
300 |a 4 τ. :   |b εικ. ;   |c 24 εκ.  
504 |a Περιλαμβάνει βιβλιογραφικές παραπομπές.  
505 8 |a T.1. Κατάλοιπα από το Αρχείο του Νίκου Νικολαΐδη -- τ.2. Στρατής Τσίρκας : ο διηγηματογράφος -- τ.3. Παλαιότεροι και νεότεροι για τον Νίκο Νικολαΐδη -- τ.4. Το ζωγραφικό έργο του Νίκου Νικολαΐδη.  
600 1 0 |a Νικολαΐδης, Νίκος,   |d 1884-1956. 
600 1 0 |a Νικολαΐδης, Νίκος,  |d 1884-1956,  |x Αρχεία. 
650 0 |a Authors, Greek (Modern)  |z Cyprus. 
650 0 |a Authors, Greek (Modern)  |z 20th century. 
650 0 |a Authors, Greek (Modern)  |z Cyprus  |y 20th century  |x Archives. 
700 1 |a Παπαλεοντίου, Λευτέρης,  |e edt 
740 0 |a Κατάλοιπα από το Αρχείο του Νίκου Νικολαΐδη  
852 |a INST  |b RHODES  |e 20210218  |h 889.92 KAT  |p 005400041933  |q 005400041933  |t BK  |v τομ.1:  |y 0 
970 |a Μαρία  |b Κωτάκου  |z 18-02-2021